| 000 | 00849nam a22002051 4500 | ||
|---|---|---|---|
| 001 | gs 05000198 | ||
| 003 | DLC | ||
| 005 | 20260227111300.0 | ||
| 008 | 900308s1888 gw ab 100 0 fre c | ||
| 010 | _ags 05000198 | ||
| 040 |
_aU.S. Geol. Survey Libr./ICU _cICU |
||
| 050 | 0 | 0 |
_aQE1 _b.I6 1885 |
| 111 | 2 |
_aInternational Geological Congress _n(3rd : _d1885 : _cBerlin, Germany) |
|
| 245 | 1 | 0 | _aCompte rendu de la 3me session, Berlin, 1885. |
| 260 |
_aBerlin, _bA.W. Schade's buchdruckerei (L. Schade) _c1888. |
||
| 300 |
_axi p., 1 l., [v]-cxli p., 1 l., 546 p. _billus., 2 fold. maps, fold. tab. _c26 cm. |
||
| 500 | _aAt head of title: Congrès géologique international. | ||
| 505 | 0 | _a1. ptie. Historique du congrès.--2. ptie. Travaux du congrès.--3. ptie. Communications scientifiques.--4. ptie. Documents. | |
| 650 | 0 |
_aGeology _xCongresses. |
|
| 999 |
_c24162 _d24162 |
||